000 01925nam a2200313 4500
001 0000100124
005 20250329165436.0
008 190730s2024 000 0 eng d
040 _aCO-CtgCURN
_bspa
_ccoctgcurn
041 0 _aspa
082 0 _aENF2022
_bA374
100 1 _aAlexander Peñate Keylis Marisol.
245 1 0 _aCuidados de enfermería en pacientes con artroplastia de reemplazo :
_buna revisión de alcance /
_cKeylis Marisol Alexander Peñate; Dayan Judith De La Hoz Segura; Cindy Marcela Landinez Kalil; Clarith Marcela Mejía Charris; Directora: Maira Alejandra de la Asunción Torres.
260 _aCartagena de Indias :
_bCorporación Universitaria Rafael Núñez,
_c2024.
300 _a76 hojas.
336 _2rdacontent
_atext
_btxt
337 _2rdacarrier
_asin mediacion
_bn
338 _2rdacarrier
_avolumen
_bnc
502 _aTrabajo de grado (Enfermeria). Corporacion Universitaria Rafael Nuñez. Facultad de Ciencias de la salud. Enfermeria, 2024.
520 _a"Esta revisión exploratoria examina los cuidados de enfermería brindados a pacientes sometidos a artroplastia de reemplazo articular. La creciente incidencia de estas cirugías, impulsada por el envejecimiento de la población y el aumento de afecciones articulares, subraya la necesidad de evaluar el papel de la enfermera en la mejoría de los resultados postoperatorios"
650 0 _aEnfermeria
_vTesis y disertaciones academicas.
700 1 _aHoz Segura, Dayan Judith De La .
700 1 _aLandinez Kalil, Cindy Marcela.
700 1 _aMejía Charris, Clarith Marcela.
700 1 _aAsunción Torres,Maira Alejandra de la,
_edirectora.
856 _uhttps://unicurn.sharepoint.com/:b:/s/biblioteca/Ecwr3M40EnlLvfy8wDg18xcB0GsKLwqZSEfKoCmP-9K7Ug?e=X3s9iR
_zClick para ver el recurso en texto completo
942 _cTG
_hENF 2024
_iA374
999 _c4122
_d4122